Smallest British Cities - Statistics

General Stats
  • This quiz has been taken 398 times
  • The average score is 9 of 20
Answer Stats
Population Country Answer % Correct
1,841 Wales St David's
73%
18,810 Wales Bangor
58%
20,256 England Ely
56%
18,766 England Truro
51%
46,970 Scotland Perth
50%
10,536 England Wells
50%
3,355 Wales St Asaph
49%
45,750 Scotland Stirling
48%
14,749 Northern Ireland Armagh
45%
45,184 England Winchester
44%
55,240 England Canterbury
43%
16,702 England Ripon
41%
40,302 England Salisbury
39%
57,795 England St Albans
36%
26,795 England Chichester
34%
45,370 Northern Ireland Lisburn
34%
26,967 Northern Ireland Newry
33%
50,400 England Durham
32%
32,219 England Lichfield
32%
8,072 England City of London
29%
No matching quizzes found
Score Distribution
Percent of People with Each Score
Percentile by Number Answered
Your Score History
You have not taken this quiz